[Event "Arber op 8th"]
[Site "Bodenmais"]
[Date "2019.08.03"]
[Round "8"]
[White "Beck, Gerald"]
[Black "Brandsma, Romayn"]
[Result "1/2-1/2"]
[WhiteElo "2176"]
[BlackElo "1957"]
[PlyCount "87"]
[EventDate "2019.07.27"]
[EventType "swiss"]
[EventRounds "9"]
[EventCountry "GER"]
[SourceTitle "CBM 191 Extra"]
[Source "ChessBase"]
[SourceDate "2019.09.30"]
[SourceVersion "1"]
[SourceVersionDate "2019.09.30"]
[SourceQuality "1"]

1. c4 e5 2. g3 c6 3. d4 e4 4. Bg2 Nf6 5. Bg5 d5 6. e3 h6 7. Bxf6 Qxf6 8. cxd5 cxd5 9. Nc3 Bb4 10. Nge2 0-0 11. 0-0 Qd6 12. Qb3 Be6 13. Rac1 Nc6 14. Nf4 Bxc3 15. Rxc3 Na5 16. Qc2 Rfc8 17. Nxe6 Qxe6 18. Rc1 Rc6 19. b4 Rac8 20. Rc5 b6 21. Rxc6 Rxc6 22. Qb1 Rxc1+ 23. Qxc1 Nc4 24. b5 Qe8 25. a4 a6 26. Qb1 axb5 27. Qxb5 Qxb5 28. axb5 f5 29. Bf1 Na3 30. Be2 g5 31. h3 Kf7 32. Kf1 f4 33. gxf4 gxf4 34. Ke1 f3 35. Bf1 Kg6 36. Kd2 Kh5 37. Kc1 Kh4 38. Kb2 Nxb5 39. Bxb5 Kxh3 40. Bc6 Kg2 41. Bxd5 Kxf2 42. Bxe4 Kxe3 43. Bxf3 Kxd4 44. Kb3 1/2-1/2

[Event "Robinson Cup U14"]
[Site "Dundalk"]
[Date "2019.07.22"]
[Round "1.7"]
[White "Sivarajasingam, Venetia"]
[Black "Brandsma, Romayn"]
[Result "1-0"]
[WhiteElo "1745"]
[BlackElo "1957"]
[PlyCount "65"]
[EventDate "2019.07.22"]
[EventType "team-tourn"]
[EventRounds "5"]
[EventCountry "IRL"]
[SourceTitle "EXT 2022"]
[Source "ChessBase"]
[SourceDate "2021.10.06"]
[SourceVersion "1"]
[SourceVersionDate "2021.10.06"]
[SourceQuality "1"]
[WhiteTeam "Wales (U14)"]
[BlackTeam "Netherlands (U14)"]
[WhiteTeamCountry "WLS"]
[BlackTeamCountry "NED"]

1. e4 e5 2. Nf3 Nc6 3. Bb5 a6 4. Ba4 Nf6 5. 0-0 Be7 6. c3 b5 7. Bc2 d6 8. Qe2 0-0 9. a4 b4 10. a5 bxc3 11. bxc3 Bg4 12. Rd1 Rb8 13. d4 exd4 14. cxd4 Rb4 15. Be3 Rb2 16. Rd2 d5 17. exd5 Rxc2 18. Rxc2 Nb4 19. Rc1 Nfxd5 20. h3 Bh5 21. Bd2 Re8 22. Qc4 Bxf3 23. gxf3 Bg5 24. Kh1 Bxd2 25. Nxd2 Qh4 26. Qf1 Nf4 27. Re1 Rxe1 28. Rxe1 h6 29. Kh2 Nxh3 30. Re8+ Kh7 31. Qxh3 Qf4+ 32. Kh1 Qxd2 33. Qf5+ 1-0

[Event "Litomysl op 20th"]
[Site "Litomysl"]
[Date "2018.12.31"]
[Round "8"]
[White "Galvanek, Ladislav"]
[Black "Brandsma, Romayn"]
[Result "0-1"]
[WhiteElo "1963"]
[BlackElo "1850"]
[PlyCount "68"]
[EventDate "2018.12.26"]
[EventType "swiss"]
[EventRounds "9"]
[EventCountry "CZE"]
[SourceTitle "CBM 188 Extra"]
[Source "ChessBase"]
[SourceDate "2019.02.26"]
[SourceVersion "1"]
[SourceVersionDate "2019.02.26"]
[SourceQuality "1"]

1. d4 Nf6 2. Bf4 e6 3. e3 d6 4. c3 Be7 5. h3 0-0 6. Nf3 Nbd7 7. Nbd2 b6 8. Bd3 Bb7 9. 0-0 c5 10. Qe2 e5 11. dxe5 dxe5 12. Nxe5 Nxe5 13. Bxe5 Qd5 14. Nf3 Qe6 15. Bh2 c4 16. Bxc4 Bxf3 17. gxf3 Qxh3 18. Rfd1 Rac8 19. Bd5 Nxd5 20. Rxd5 Rc6 21. Qf1 Qxf3 22. Qg2 Rg6 23. Bg3 Qe2 24. Rd7 Bh4 25. Qf1 Qxb2 26. Qc1 Qb5 27. Rd4 Bxg3 28. fxg3 Rxg3+ 29. Kf2 Qg5 30. Rf4 Rg2+ 31. Kf3 Qg3+ 32. Ke4 g5 33. Rf5 Qg4+ 34. Ke5 Re8+ 0-1

[Event "Litomysl op 20th"]
[Site "Litomysl"]
[Date "2018.12.27"]
[Round "3"]
[White "Brandsma, Romayn"]
[Black "Vorsilka, Jiri"]
[Result "1-0"]
[WhiteElo "1850"]
[BlackElo "1537"]
[PlyCount "61"]
[EventDate "2018.12.26"]
[EventType "swiss"]
[EventRounds "9"]
[EventCountry "CZE"]
[SourceTitle "CBM 188 Extra"]
[Source "ChessBase"]
[SourceDate "2019.02.26"]
[SourceVersion "1"]
[SourceVersionDate "2019.02.26"]
[SourceQuality "1"]

1. e4 e6 2. d4 d5 3. Nd2 c5 4. c3 cxd4 5. cxd4 dxe4 6. Nxe4 Bb4+ 7. Nc3 Bxc3+ 8. bxc3 Ne7 9. Nf3 0-0 10. Bd3 h6 11. Bc2 f5 12. 0-0 Nbc6 13. Qd3 Qa5 14. Nh4 e5 15. Bb3+ Kh7 16. d5 e4 17. Qd2 Ne5 18. f3 g5 19. fxe4 gxh4 20. Qxh6+ Kg8 21. d6+ Rf7 22. dxe7 Qc5+ 23. Be3 Qxe7 24. Bxf7+ Nxf7 25. Qg6+ Kf8 26. Bh6+ Nxh6 27. Qxh6+ Ke8 28. Qh8+ Kd7 29. Rad1+ Kc7 30. Qh6 fxe4 31. Rf7 1-0

[Event "NED-ch U14"]
[Site "Assen"]
[Date "2018.05.03"]
[Round "7"]
[White "Van der Hagen, Loek"]
[Black "Brandsma, Romayn"]
[Result "0-1"]
[WhiteElo "1815"]
[BlackElo "1715"]
[PlyCount "100"]
[EventDate "2018.04.29"]
[EventType "swiss"]
[EventRounds "9"]
[EventCountry "NED"]
[SourceTitle "CBM 184 Extra"]
[Source "ChessBase"]
[SourceDate "2018.06.28"]
[SourceVersion "1"]
[SourceVersionDate "2018.06.28"]
[SourceQuality "1"]

1. e4 e5 2. Nf3 Nc6 3. Bb5 a6 4. Ba4 Nf6 5. 0-0 Be7 6. Re1 b5 7. Bb3 d6 8. c3 0-0 9. h3 Nb8 10. d4 Nbd7 11. Nbd2 Bb7 12. Bc2 Re8 13. Nf1 Bf8 14. Ng3 g6 15. a4 Bg7 16. Bg5 h6 17. Be3 c5 18. d5 c4 19. Qd2 Kh7 20. Ra3 Qc7 21. Rea1 Reb8 22. Qd1 Bf8 23. R1a2 Nc5 24. Qa1 bxa4 25. Bxc5 Qxc5 26. Rxa4 Nd7 27. Nd2 Nb6 28. Ra5 Qc7 29. Ngf1 Be7 30. Bd1 Bg5 31. Be2 Rc8 32. Nf3 Be7 33. Ne3 Bg5 34. Nxg5+ hxg5 35. Ng4 Kg7 36. Qc1 f6 37. h4 Qe7 38. hxg5 fxg5 39. f3 Rh8 40. Qe3 Qd8 41. R5a3 Rh7 42. b3 Bc8 43. bxc4 Bxg4 44. fxg4 Qh8 45. Qd3 Rf8 46. Bf3 Rh1+ 47. Kf2 Qh4+ 48. Ke3 Qe1+ 49. Be2 Qg1+ 50. Kd2 Qc1# 0-1

[Event "NED-ch U14"]
[Site "Assen"]
[Date "2018.04.30"]
[Round "2"]
[White "Franke, Daniel"]
[Black "Brandsma, Romayn"]
[Result "0-1"]
[WhiteElo "1298"]
[BlackElo "1715"]
[PlyCount "108"]
[EventDate "2018.04.29"]
[EventType "swiss"]
[EventRounds "9"]
[EventCountry "NED"]
[SourceTitle "CBM 184 Extra"]
[Source "ChessBase"]
[SourceDate "2018.06.28"]
[SourceVersion "1"]
[SourceVersionDate "2018.06.28"]
[SourceQuality "1"]

1. d4 Nf6 2. c4 e6 3. Nf3 b6 4. Nc3 Bb4 5. a3 Bxc3+ 6. bxc3 Bb7 7. e3 0-0 8. Bd3 d6 9. 0-0 Nbd7 10. Bb2 c5 11. Re1 Rc8 12. e4 Re8 13. Rc1 Qc7 14. Nd2 e5 15. d5 Nf8 16. Nf1 Ng6 17. g3 Rb8 18. Rb1 Bc8 19. Bc1 h6 20. Ne3 Ne7 21. Qc2 a6 22. Be2 Bd7 23. Bd2 b5 24. Bd3 Rb7 25. Rb2 Reb8 26. Reb1 bxc4 27. Nxc4 Rxb2 28. Rxb2 Rxb2 29. Qxb2 Bb5 30. Qb1 Nxe4 31. Bxe4 Bxc4 32. Bd3 Bxd3 33. Qxd3 c4 34. Qf3 Qc5 35. Qg4 Kh8 36. Qd7 Qxd5 37. Bxh6 gxh6 38. Qxe7 Kg7 39. Qh4 Qd1+ 40. Kg2 d5 41. f3 Qe2+ 42. Kh3 Qxf3 43. Qd8 Qf1+ 44. Kg4 Qd1+ 45. Kh4 Qf3 46. Qc8 Qe4+ 47. Kh3 d4 48. Qxc4 Qf5+ 49. Kh4 d3 50. Qd5 Kg6 51. g4 Qf2+ 52. Kh3 Qe3+ 53. Kh4 d2 54. Qh1 Qe1+ 0-1

[Event "NED-ch U14"]
[Site "Assen"]
[Date "2017.04.29"]
[Round "9"]
[White "Brandsma, Romayn"]
[Black "Algra, Sake"]
[Result "1-0"]
[WhiteElo "1390"]
[BlackElo "1481"]
[PlyCount "73"]
[EventDate "2017.04.23"]
[EventType "swiss"]
[EventRounds "9"]
[EventCountry "NED"]
[SourceTitle "CBM 178 Extra"]
[Source "ChessBase"]
[SourceDate "2017.06.22"]
[SourceVersion "1"]
[SourceVersionDate "2017.06.22"]
[SourceQuality "1"]

1. d4 Nf6 2. c4 g6 3. Nc3 d5 4. cxd5 Nxd5 5. e4 Nxc3 6. bxc3 Bg7 7. Bb2 c5 8. Bc4 Qa5 9. Kf1 Nc6 10. Ne2 0-0 11. h4 Rd8 12. d5 Rd6 13. f4 e5 14. Qe1 Ne7 15. Nc1 Bd7 16. a4 Rd8 17. Nb3 Qc7 18. Ba3 Bxa4 19. Nxc5 b6 20. Nxa4 Qxc4+ 21. Kg1 R6d7 22. Nb2 Qb3 23. c4 exf4 24. Rh3 Qc2 25. Rc1 Bd4+ 26. Kf1 Qf2+ 27. Qxf2 Bxf2 28. Kxf2 f5 29. Bxe7 Rxe7 30. exf5 gxf5 31. Re1 Rg7 32. Re5 Rf8 33. Nd3 a5 34. Nxf4 Rc8 35. Ne6 Rg4 36. Rxf5 Rg6 37. Rhf3 1-0

[Event "NED-ch U14"]
[Site "Assen"]
[Date "2017.04.27"]
[Round "7"]
[White "Brandsma, Romayn"]
[Black "Rutjens, Mika"]
[Result "1-0"]
[WhiteElo "1390"]
[BlackElo "1515"]
[PlyCount "91"]
[EventDate "2017.04.23"]
[EventType "swiss"]
[EventRounds "9"]
[EventCountry "NED"]
[SourceTitle "CBM 178 Extra"]
[Source "ChessBase"]
[SourceDate "2017.06.22"]
[SourceVersion "1"]
[SourceVersionDate "2017.06.22"]
[SourceQuality "1"]

1. e4 e5 2. Nf3 Nf6 3. Nxe5 d6 4. Nf3 Nxe4 5. Nc3 Nxc3 6. dxc3 Nc6 7. Be3 Be7 8. Qd2 Be6 9. 0-0-0 0-0 10. Bd3 a5 11. a3 Na7 12. Rde1 Qd7 13. Nd4 c5 14. Nxe6 fxe6 15. Bxc5 Qd8 16. Bxa7 Rxa7 17. Kb1 e5 18. Qe3 Ra8 19. Qe4 g6 20. h4 Bf6 21. Qd5+ Kg7 22. h5 Qc7 23. hxg6 hxg6 24. Rh3 Rh8 25. Reh1 Qc6 26. Qxc6 bxc6 27. Rxh8 Rxh8 28. Rxh8 Kxh8 29. Bxg6 Kg7 30. Be8 c5 31. b4 cxb4 32. cxb4 axb4 33. axb4 Kf8 34. Bc6 Ke7 35. b5 Kd8 36. Kc1 Bh4 37. f3 Bf2 38. g4 Kc7 39. Kd2 Bg3 40. Ke3 Kb6 41. Ke4 Kc5 42. Kf5 d5 43. g5 e4 44. fxe4 dxe4 45. Bxe4 Kxb5 46. g6 1-0

[Event "NED-ch U14"]
[Site "Assen"]
[Date "2017.04.26"]
[Round "6"]
[White "Brandsma, Romayn"]
[Black "Honkoop, Gilian"]
[Result "0-1"]
[WhiteElo "1390"]
[BlackElo "1820"]
[PlyCount "32"]
[EventDate "2017.04.23"]
[EventType "swiss"]
[EventRounds "9"]
[EventCountry "NED"]
[SourceTitle "CBM 178 Extra"]
[Source "ChessBase"]
[SourceDate "2017.06.22"]
[SourceVersion "1"]
[SourceVersionDate "2017.06.22"]
[SourceQuality "1"]

1. d4 d6 2. c4 c6 3. Nf3 Bg4 4. Bf4 Nd7 5. h3 Bh5 6. e3 Qc7 7. Be2 e5 8. dxe5 dxe5 9. Bh2 Ngf6 10. Nc3 Bd6 11. Qd2 0-0-0 12. 0-0-0 Nc5 13. Qc2 Bg6 14. Qd2 Be7 15. Qe1 Rxd1+ 16. Bxd1 Nd3+ 0-1

[Event "NED-ch U14"]
[Site "Assen"]
[Date "2017.04.26"]
[Round "5"]
[White "Shakhverdian, William"]
[Black "Brandsma, Romayn"]
[Result "1-0"]
[WhiteElo "1732"]
[BlackElo "1390"]
[PlyCount "105"]
[EventDate "2017.04.23"]
[EventType "swiss"]
[EventRounds "9"]
[EventCountry "NED"]
[SourceTitle "CBM 178 Extra"]
[Source "ChessBase"]
[SourceDate "2017.06.22"]
[SourceVersion "1"]
[SourceVersionDate "2017.06.22"]
[SourceQuality "1"]

1. e4 d6 2. d4 Nf6 3. Nc3 e5 4. dxe5 dxe5 5. Qxd8+ Kxd8 6. Bg5 Be6 7. Nf3 Nbd7 8. 0-0-0 c6 9. Nxe5 Kc7 10. Nxd7 Nxd7 11. Bf4+ Kc8 12. f3 Bb4 13. a3 Ba5 14. Ne2 Bc7 15. Bxc7 Kxc7 16. Nd4 b5 17. Nxe6+ fxe6 18. Rd2 Nc5 19. Be2 a5 20. b3 Rhf8 21. Rhd1 Rf6 22. Kb2 Rh6 23. h3 Rg6 24. Bf1 Re8 25. c3 Re7 26. b4 axb4 27. axb4 Nd7 28. Ra1 Kb6 29. Kb3 Nf6 30. Rda2 Nd7 31. Ra6+ Kc7 32. Ra7+ Kd8 33. Ra8+ Kc7 34. R1a7+ Kd6 35. Ra6 Kc7 36. R8a7+ Kb8 37. Ra8+ Kc7 38. Rh8 Kb7 39. Ra5 h6 40. c4 bxc4+ 41. Kxc4 Nb6+ 42. Kb3 Rd7 43. Kc2 Rd4 44. Rf8 Nc4 45. Rf7+ Kb6 46. Raa7 c5 47. bxc5+ Kxc5 48. Rfc7+ Kb6 49. Rab7+ Ka6 50. Kc3 Rd1 51. Bxc4+ Ka5 52. Rc5+ Ka4 53. Ra7# 1-0

[Event "NED-ch U14"]
[Site "Assen"]
[Date "2017.04.24"]
[Round "3"]
[White "Tiggelaar, Joas"]
[Black "Brandsma, Romayn"]
[Result "0-1"]
[WhiteElo "1521"]
[BlackElo "1390"]
[PlyCount "122"]
[EventDate "2017.04.23"]
[EventType "swiss"]
[EventRounds "9"]
[EventCountry "NED"]
[SourceTitle "CBM 178 Extra"]
[Source "ChessBase"]
[SourceDate "2017.06.22"]
[SourceVersion "1"]
[SourceVersionDate "2017.06.22"]
[SourceQuality "1"]

1. e4 d6 2. Nf3 Nf6 3. Nc3 e5 4. Bc4 Be7 5. 0-0 Bg4 6. d3 0-0 7. Bg5 Nc6 8. h3 Bh5 9. Be3 h6 10. Qe2 Nh7 11. Kh1 Bg5 12. Rg1 Bxe3 13. Qxe3 Bxf3 14. gxf3 Qh4 15. Rg3 Ng5 16. Kh2 Kh8 17. Rag1 f5 18. exf5 Rxf5 19. Nd5 Raf8 20. f4 exf4 21. Nxf4 Qxf4 22. Qxf4 Rxf4 23. Bb3 Nf3+ 24. Rxf3 Rxf3 25. Bd5 Rxf2+ 26. Bg2 Nd4 27. Kh1 Rxc2 28. Re1 Nf3 29. Rf1 Rxg2 30. Kxg2 Nh4+ 31. Kg1 Rxf1+ 32. Kxf1 Kh7 33. Ke2 Kg6 34. Ke3 Kf5 35. Kf2 Kf4 36. Ke2 Kg3 37. Ke3 Kxh3 38. Kf4 g5+ 39. Ke4 g4 40. Kd5 g3 41. Ke6 g2 42. Kd7 g1Q 43. Kxc7 Qc5+ 44. Kd7 d5 45. b4 Qc6+ 46. Ke7 Nf5+ 47. Kf7 Kg4 48. b5 Qd6 49. b6 axb6 50. a4 Kg5 51. a5 bxa5 52. d4 Qf6+ 53. Ke8 Qg7 54. Kd8 b5 55. Kc8 Qe7 56. Kb8 Qd7 57. Ka8 Kf6 58. Kb8 Ke6 59. Ka8 Kd6 60. Kb8 Kc6 61. Ka8 Qb7# 0-1